| 000 | 00332nam a2200133Ia 4500 | ||
|---|---|---|---|
| 008 | 231129s2007||||xx |||||||||||||| ||spa|| | ||
| 040 | _bspa | ||
| 082 | _aR 574.503 M798d | ||
| 100 | _aMontoya Chica Oscar | ||
| 245 | 0 | _aDiccionario ecológico ambiental | |
| 260 | _c2007 | ||
| 264 | _aLitografia Lasergráficas | ||
| 942 |
_2ddc _cBKS |
||
| 999 |
_c9419 _d9419 |
||